000 00384nam a2200157Ia 4500
008 100122s9999 xx 000 0 und d
082 _b42851
_a821
100 _aपाडगावकर मंगेश
245 _aगझल
250 _a2
260 _bमौज प्रकाशन
_c1989
300 _a87
630 _aगझल
730 _aगझल
942 _cBOOK
999 _c423146
_d423143